La misión de la Iglesia / (Record no. 139717)

MARC details
000 -LEADER
campo de control de longitud fija 00668nam a2200217 i 4500
001 - NÚMERO DE CONTROL
campo de control 139717
003 - IDENTIFICADOR DE NÚMERO DE CONTROL
campo de control ES-MaACL
005 - FECHA Y HORA DE LA ÚLTIMA TRANSACCIÓN
campo de control 20230906195902.0
007 - CAMPO FIJO DE DESCRIPCIÓN FÍSICA--INFORMACIÓN GENERAL
campo de control de longitud fija t|
008 - DATOS DE LONGITUD FIJA--INFORMACIÓN GENERAL
campo de control de longitud fija 070214s1971 sp r ||||1| spa d
100 1# - ENTRADA PRINCIPAL--NOMBRE DE PERSONA
Nombre de persona Schillebeekx, Edward.
9 (RLIN) 187142
245 13 - MENCIÓN DEL TÍTULO
Título La misión de la Iglesia /
Mención de responsabilidad, etc. E. Schillebeekx ; [tradujo Alfonso Ortiz García].
260 ## - PUBLICACIÓN, DISTRIBUCIÓN, ETC.
Lugar de publicación, distribución, etc. Salamanca :
Nombre del editor, distribuidor, etc. Sígueme,
Fecha de publicación, distribución, etc. 1971.
300 ## - DESCRIPCIÓN FÍSICA
Extensión 528 p. ;
Dimensiones 19 cm.
490 1# - MENCIÓN DE SERIE
Mención de serie Verdad e Imagen ;
Designación de volumen o secuencia 20
650 #4 - PUNTO DE ACCESO ADICIONAL DE MATERIA--TÉRMINO DE MATERIA
Término de materia o nombre geográfico como elemento de entrada Misión de la Iglesia.
9 (RLIN) 165879
700 1# - ENTRADA AGREGADA--NOMBRE PERSONAL
Nombre de persona Ortiz García, Alfonso.
9 (RLIN) 87618
830 0# - PUNTO DE ACCESO ADICIONAL DE SERIE-TÍTULO UNIFORME
Título uniforme Verdad e Imagen ;
Designación de volumen o secuencia 20
9 (RLIN) 182105
852 ## - LOCALIZACIÓN
Ubicación ES-MaACL
Número de control de estantería C-45856
Sublocalización o colección R.79592
Holdings
Estatus retirado Estado de pérdida Estado de daño No para préstamo Biblioteca de origen Biblioteca actual Ubicación en estantería Fecha de adquisición Fuente de adquisición Total de préstamos Signatura topográfica completa Código de barras Visto por última vez Precio de reemplazo Tipo de ítem Koha
        Biblioteca del Ateneo de Madrid Biblioteca del Ateneo de Madrid Depósito 2 17/01/2008     C-45856 1145395 23/02/2023 23/02/2023 Libro impreso